El museo imaginario

שמור ב:
מידע ביבליוגרפי
מחבר ראשי: Malraux, André (autor)
פורמט: ספר
שפה:ספרדית
יצא לאור: Madrid Cátedra 2017
מהדורה:1a. ed
סדרה:Grandes Temas, 76
נושאים:
תגים: הוספת תג
אין תגיות, היה/י הראשונ/ה לתייג את הרשומה!

MARC

LEADER 00000cam a2200000 a 4500
001 UCC2763
003 CL-VaPUC
008 180323e20170000sp |||||||||||||||||spa|d
020 |a 9788437637044 
082 0 4 |a 700.9  |b MAL  |2 21 
100 |a Malraux, André  |e autor  |9 596789 
245 1 3 |a El museo imaginario 
250 |a 1a. ed 
300 |a 201 p 
942 |c BK 
945 |d 20180323 15:33:00  |a dcastane 
260 |a Madrid  |b Cátedra  |c 2017 
650 0 |a Historia del arte  |9 314877 
650 0 |a Antigüedad clásica   |9 467139 
650 0 |a Arte prerrománico  |9 467140 
650 0 |a Arte románico   |9 301890 
650 0 |a Arte gótico  |9 265512 
650 0 |a Manierismo  |9 268679 
650 0 |a Barroco   |9 338027 
583 |a last modification  |c 20180323 15:33:00  |k Rodrigo Vera 
490 0 |a Grandes Temas, 76 
999 |c 370724  |d 370722 
952 |0 0  |1 0  |3 erb  |4 0  |6 700_900000000000000_MAL_2017  |7 0  |8 A  |9 487327  |a BIBART  |b BIBART  |i 5458714  |o 700.9 MAL 2017  |p 5458714  |r 2025-03-13  |w 2019-11-24  |y BK  |z Catalogado en:20180323  |k ART